Determinants of pro-poor growth : (Record no. 8877)

MARC details
000 -LEADER
fixed length control field 02746cam a2200397 a 4500
001 - CONTROL NUMBER
control field 14444962
003 - CONTROL NUMBER IDENTIFIER
control field OSt
005 - DATE AND TIME OF LATEST TRANSACTION
control field 20240626102959.0
008 - FIXED-LENGTH DATA ELEMENTS--GENERAL INFORMATION
fixed length control field 060710s2007 enka b 001 0 eng
010 ## - LIBRARY OF CONGRESS CONTROL NUMBER
LC control number 2006049330
015 ## - NATIONAL BIBLIOGRAPHY NUMBER
National bibliography number GBA680354
Source bnb
016 7# - NATIONAL BIBLIOGRAPHIC AGENCY CONTROL NUMBER
Record control number 013557649
Source Uk
020 ## - INTERNATIONAL STANDARD BOOK NUMBER
International Standard Book Number 1403987629
020 ## - INTERNATIONAL STANDARD BOOK NUMBER
International Standard Book Number 9781403987624
035 ## - SYSTEM CONTROL NUMBER
System control number (OCoLC)70775756
035 ## - SYSTEM CONTROL NUMBER
System control number (OCoLC)ocm70775756
040 ## - CATALOGING SOURCE
Transcribing agency MUST
082 00 - DEWEY DECIMAL CLASSIFICATION NUMBER
Classification number 339.46 DET 2007
Edition number 22
100 ## - MAIN ENTRY--PERSONAL NAME
Personal name Grimm, Michael
9 (RLIN) 17932
245 00 - TITLE STATEMENT
Title Determinants of pro-poor growth :
Remainder of title analytical issues and findings from country cases /
Statement of responsibility, etc. edited by Michael Grimm, Stephan Klasen and Andrew McKay.
260 ## - PUBLICATION, DISTRIBUTION, ETC. (IMPRINT)
Place of publication, distribution, etc. Baskingstoke [England] ;
-- New York :
Name of publisher, distributor, etc. Palgrave Macmillan,
Date of publication, distribution, etc. 2007.
300 ## - PHYSICAL DESCRIPTION
Extent xvii, 269 p. :
Other physical details ill. ;
Dimensions 23 cm.
504 ## - BIBLIOGRAPHY, ETC. NOTE
Bibliography, etc Includes bibliographical references and index.
650 #0 - SUBJECT ADDED ENTRY--TOPICAL TERM
Topical term or geographic name as entry element Economic development
Form subdivision Case studies.
9 (RLIN) 6923
650 #0 - SUBJECT ADDED ENTRY--TOPICAL TERM
Topical term or geographic name as entry element Poverty
Form subdivision Case studies.
9 (RLIN) 13450
650 #0 - SUBJECT ADDED ENTRY--TOPICAL TERM
Topical term or geographic name as entry element Poor
Form subdivision Case studies.
9 (RLIN) 13449
700 1# - ADDED ENTRY--PERSONAL NAME
Personal name Grimm, Michael.
9 (RLIN) 17932
700 1# - ADDED ENTRY--PERSONAL NAME
Personal name Klasen, Stephan.
9 (RLIN) 17933
700 1# - ADDED ENTRY--PERSONAL NAME
Personal name McKay, Andrew D.,
Dates associated with a name 1964-
9 (RLIN) 17934
856 42 - ELECTRONIC LOCATION AND ACCESS
Materials specified Contributor biographical information
Uniform Resource Identifier http://www.loc.gov/catdir/enhancements/fy0665/2006049330-b.html
856 42 - ELECTRONIC LOCATION AND ACCESS
Materials specified Publisher description
Uniform Resource Identifier http://www.loc.gov/catdir/enhancements/fy0665/2006049330-d.html
856 41 - ELECTRONIC LOCATION AND ACCESS
Materials specified Table of contents only
Uniform Resource Identifier http://www.loc.gov/catdir/enhancements/fy0665/2006049330-t.html
906 ## - LOCAL DATA ELEMENT F, LDF (RLIN)
a 7
b cbc
c orignew
d 1
e ocip
f 20
g y-gencatlg
942 ## - ADDED ENTRY ELEMENTS (KOHA)
Source of classification or shelving scheme Dewey Decimal Classification
Koha item type Open Shelf
Holdings
Withdrawn status Lost status Source of classification or shelving scheme Damaged status Not for loan Home library Current library Date acquired Source of acquisition Inventory number Total Checkouts Full call number Barcode Date last seen Price effective from Koha item type
    Other/Generic Classification Scheme     MUST Main Library MUST Main Library 26/06/2024 Donation 10/32697   339.46 DET 2007 2024-21367 26/06/2024 26/06/2024 Open Shelf